Statistics for Airline Names from Thai to English

Click here to take the quiz!

General Stats

  • This quiz has been taken 36 times
  • The average score is 23 of 30

Answer Stats

ThaiEnglish% Correct
บริติชแอร์เวย์
Britit Ae-we
British Airways
96%
เซาท์แอฟริกันแอร์เวย์
Sao Apfrikan Ae-we
South African Airways
96%
กาตาร์แอร์เวย์
Kata Ae-we
Qatar Airways
93%
อเมริกันแอร์ไลน์
Amerikan Ae-lai
American Airlines
89%
คาเธ่ย์แปซิฟิค
Khathe Paesifik
Cathay Pacific
89%
เอมิเรตส์แอร์ไลน์
Emiret Ae-lai
Emirates Airlines
89%
โคเรียนแอร์
Khorian Ae
Korean Air
89%
แอโรเม็กซิโก
Aero Meksiko
Aeromexico
86%
ไชนาแอร์ไลน์
Chaina Ae-lai
China Airlines
86%
เอทิฮัดแอร์เวย์
Ethihat Ae-we
Etihad Airways
86%
ฟิลิปปินส์แอร์ไลน์
Filippin Ae-lai
Philippine Airlines
86%
สิงคโปร์แอร์ไลน์
Singkhapo Ae-lai
Singapore Airlines
86%
เช็กแอร์ไลน์
Chek Ae-lai
Czech Airlines
82%
ควอนตัส
Khwontat
Qantas
82%
ไรอันแอร์
Rai-an Ae
Ryanair
82%
สแกนดิเนเวียนแอร์ไลน์ซิสเต็ม
Sakaendinewian Ae-lai Sittem
Scandinavian Airlines System
79%
ยูไนเต็ดแอร์ไลน์
Yunaitet Ae-lai
United Airlines
79%
เวอร์จิน แอตแลนติก
Woechin Aetlaentik
Virgin Atlantic
79%
อาเบียงกา
Abianka
Avianca
75%
แอร์แคนาดา
Ae Khaenada
Air Canada
71%
ตัปปูร์ตูกัล
Tap Putukan
TAP Portugal
71%
การบินไทย
Kan Bin Thai
Thai Airways International
71%
เอเดรียแอร์เวย์
E-dria Ae-we
Adria Airways
68%
ไอบีเรีย
Aibiria
Iberia
68%
เจแปนแอร์ไลน์
Chepaen Ae-lai
Japan Airlines
64%
อียิปต์แอร์
Iyip Ae
EgyptAir
57%
แอร์นิวซีแลนด์
Ae Nio Silaen
Air New Zealand
54%
เตอร์กิชแอร์ไลน์
Toe-kit Ae-lai
Turkish Airlines
46%
แลนแอร์ไลน์
Laen Ae-lai
LAN Airlines
43%
สวิสอินเตอร์เนชันแนลแอร์ไลน์
Sawit Intoe-nechannaen Ae-lai
Swiss International Airlines
39%

Score Distribution

Percentile by Number Answered

Percent of People with Each Score

Your Score History

You have not taken this quiz